000
00202nam a2200073Ia 4500
008
170817s9999 xx 000 0 und d
100
_a
Sharma.Kusum
245
0
_a
Educational Administration And Managment
260
_b
Radha Prakashan Agra
999
_c
39326
_d
39326